All Normal Fish - DREDGE - Statistics

General Stats
  • This quiz has been taken 23 times
  • The average score is 30 of 103
Answer Stats
Hint Answer % Correct
The Marrows Coastal Cod
86%
The Marrows Oceanic Sailfish
71%
The Marrows Oceanic Bronze Whaler
64%
The Marrows Shallow Gulf Flounder
64%
The Marrows Shallow Stingray
64%
The Marrows Oceanic Blacktip Reef Shark
57%
The Marrows Coastal Blue Mackerel
57%
The Marrows Shallow Grey Eel
57%
Gale Cliffs Abyssal Oarfish
57%
The Marrows Crab Pot Sea Cucumber
57%
Gale Cliffs Coastal Blackmouth Salmon
50%
The Marrows Crab Pot Common Crab
50%
Stellar Basin Abyssal Fangtooth
50%
Stellar Basin Oceanic Hammerhead Shark
50%
The Marrows Oceanic Swordfish
50%
Gale Cliffs Shallow Wreckfish
50%
The Marrows Coastal Arrow Squid
43%
Stellar Basin Abyssal Barreleye
43%
Gale Cliffs Crab Pot Decorator Crab
43%
The Marrows Crab Pot Fiddler Crab
43%
Twisted Strand Mangrove Gar
43%
Devil's Spine Abyssal Ghost Shark
43%
Stellar Basin Hadal Gulper Eel
43%
Gale Cliffs Coastal Oceanic Perch
43%
Gale Cliffs Coastal Tiger Mackerel
43%
Stellar Basin Abyssal Anglerfish
36%
Stellar Basin Coastal Aurora Jellyfish
36%
The Marrows Shallow Black Grouper
36%
Gale Cliffs Shallow Conger Eel
36%
Gale Cliffs Oceanic Devil Ray
36%
Stellar Basin Coastal Firefly Squid
36%
Stellar Basin Hadal Giant Amphipod
36%
Twisted Strand Mangrove Goliath Tigerfish
36%
Stellar Basin Abyssal Loosejaw
36%
Gale Cliffs Oceanic Nautilus
36%
The Marrows Coastal Paddlefish
36%
Gale Cliffs Crab Pot Rock Crab
36%
Stellar Basin Crab Pot Sea Slug
36%
Stellar Basin Hadal Snailfish
36%
Gale Cliffs Shallow Stonefish
36%
Gale Cliffs Oceanic Sturgeon
36%
Gale Cliffs Crab Pot Trilobite
36%
Gale Cliffs Abyssal Abyssal Gar
29%
Gale Cliffs Coastal Black Sea Bass
29%
Stellar Basin Crab Pot Blue Crab
29%
Twisted Strand Mangrove Catfish
29%
Devil's Spine Abyssal Coelacanth
29%
Stellar Basin Crab Pot Crown of Thorns
29%
Stellar Basin Shallow Glowing Octopus
29%
Twisted Strand Coastal Grey Mullet
29%
Gale Cliffs Coastal Lancetfish
29%
Stellar Basin Oceanic Mahi Mahi
29%
The Marrows Shallow Osteostracan
29%
Devil's Spine Volcanic Pale Skate
29%
Open Ocean Hadal Rattail
29%
Gale Cliffs Shallow Sollasina
29%
Open Ocean Oceanic Sunfish
29%
Twisted Strand Shallow Tarpon
29%
The Marrows Coastal Tullimonstrum
29%
Open Ocean Abyssal Viperfish
29%
Devil's Spine Shallow Armored Searobin
21%
Stellar Basin Shallow Barracuda
21%
Stellar Basin Shallow Coral Grouper
21%
Stellar Basin Oceanic Eagle Shark
21%
Twisted Strand Crab Pot Giant Mud Crab
21%
Twisted Strand Crab Pot Horseshoe Crab
21%
The Pale Reach Ice Icefish
21%
Stellar Basin Hadal Kerygmachela
21%
Open Ocean Oceanic Moonfish
21%
Twisted Strand Shallow Opabinia
21%
Stellar Basin Coastal Red Snapper
21%
Twisted Strand Mangrove Sergeant Fish
21%
The Pale Reach Ice Sleeper Shark
21%
Devil's Spine Coastal Snake Mackerel
21%
Stellar Basin Abyssal Tripod Spiderfish
21%
Twisted Strand Mangrove Xiphactinus
21%
Twisted Strand Mangrove Arapaima
14%
Open Ocean Oceanic Blackfin Tuna
14%
The Pale Reach Coastal Char
14%
The Pale Reach Ice Colossal Squid
14%
Devil's Spine Volcanic Frilled Shark
14%
The Pale Reach Ice Goblin Shark
14%
Twisted Strand Mangrove Longfin Eel
14%
Twisted Strand Crab Pot Nipponites
14%
Stellar Basin Crab Pot Spiny Lobster
14%
Open Ocean Oceanic Anchovy
7%
Twisted Strand Mangrove Boreaspis
7%
The Pale Reach Crab Pot King Crab
7%
The Pale Reach Ice Lizardfish
7%
Open Ocean Oceanic Scarlet Prawn
7%
The Pale Reach Crab Pot Sea Stars
7%
Devil's Spine Crab Pot Squat Lobster
7%
The Pale Reach Ice Stargazer
7%
The Pale Reach Ice Toothfish
7%
Devil's Spine Crab Pot Volcano Snail
7%
Devil's Spine Volcanic Cusk Eel
0%
Devil's Spine Volcanic Dunkleosteus
0%
Devil's Spine Hadal Giant Dragonfish
0%
Devil's Spine Shallow Sawfish
0%
Devil's Spine Crab Pot Sea Scorpion
0%
Devil's Spine Crab Pot Spider Crab
0%
Devil's Spine Volcanic Vetulicolia
0%
The Pale Reach Ice Wolffish
0%
No matching quizzes found
Score Distribution
Percent of People with Each Score
Percentile by Number Answered
Your Score History
You have not taken this quiz